Compartint responsabilitats : cap a un nou paper dels governs locals en l'educació / [coordinat per: Joan Subirats] cap a un nou paper dels governs locals en l'educació / [coordinat per:
Publicado:
Barcelona :
Diputació de Barcelona. Àrea d'Educació : Federació de Municipis de Catalunya ,
2005
Descripción Física:
75 p. : gràf. ; 30 cm
Otros Autores:
Subirats, Joan (Subirats i Humet), 1951-
Materias:
Política educativa
MARC
| LEADER | 00000nam a2200000Ia 4500 | ||
|---|---|---|---|
| 001 | 20928 | ||
| 008 | 160829s2005 xx 000 0 cat d | ||
| 080 | |a E-1-310 | ||
| 245 | |a Compartint responsabilitats : |b cap a un nou paper dels governs locals en l'educació / [coordinat per: |b Joan Subirats] | ||
| 260 | |a Barcelona : |b Diputació de Barcelona. Àrea d'Educació : |b Federació de Municipis de Catalunya, |c 2005 | ||
| 300 | |a 75 p. : |b gràf. ; |c 30 cm | ||
| 650 | 0 | |a Política educativa |9 39345 | |
| 700 | |a Subirats, Joan |q (Subirats i Humet), |d 1951- |e editor literari |9 148 | ||
| 710 | |a Barcelona (Catalunya : Província). |b Àrea d'Educació |9 8009 | ||
| 710 | |a Federació de Municipis de Catalunya |9 52168 | ||
| 901 | |a Arxiu | ||
| 942 | |n 1 |2 udc | ||
| 952 | |0 0 |1 0 |4 0 |6 E1310 |7 1 |9 52099 |a Arxiu |b Arxiu |d 2016-12-01 |l 0 |o E-1-310 |p 20928 |r 2016-12-01 00:00:00 |w 2016-12-01 |y ARXIU | ||
| 999 | |c 55947 |d 55947 | ||